Mlekomaty - nowy sposób bezpośredniej sprzedaży mleka surowego w Polsce

Nové spôsoby priameho predaja surového mlieka konečnému spotrebiteľovi. Rozmiestnenie mliečnych automatov v Poľsku

Salvato in:
Dettagli Bibliografici
Autore principale: Kosiorowska, Małgorzata, 1978-
Natura: Capitolo di libro
Lingua:polacco
Soggetti:
Tags: Aggiungi Tag
Nessun Tag, puoi essere il primo ad aggiungerne!!

MARC

LEADER 00000naa a2200000 4500
001 0166891
005 20240502083408.7
041 0 |a pol 
044 |a PL 
245 1 0 |a Mlekomaty - nowy sposób bezpośredniej sprzedaży mleka surowego w Polsce  |c Małgorzata Kosiorowska 
520 |a Nové spôsoby priameho predaja surového mlieka konečnému spotrebiteľovi. Rozmiestnenie mliečnych automatov v Poľsku 
610 2 0 |a mlieko 
610 2 0 |a Poľsko 
610 2 0 |a predaj priamy 
610 2 0 |a spotrebitelia 
610 2 0 |a podnik poľnohospodársky 
610 2 0 |a distribúcia 
610 2 0 |a lokalizácia 
610 2 0 |a mliekomaty 
100 1 |a Kosiorowska, Małgorzata, 1978-